Four Letter Geography - F - Statistics

General Stats
  • This quiz has been taken 105 times
  • The average score is 4 of 10
Answer Stats
Hint Answer % Correct
Mountain in Japan Fuji
100%
Pacific Island Nation Fiji
98%
German celebration: Oktober____ Fest
91%
East Scandanavian: ____ish Finn
72%
City in Portugal Faro
37%
Province in Iran Fars
9%
City in Tahiti Faaa
7%
Province in Albania Fier
7%
2nd largest German island Fohr
3%
Italian City or a guitar Fano
2%
No matching quizzes found
Score Distribution
Percent of People with Each Score
Percentile by Number Answered
Your Score History
You have not taken this quiz